00806nam a22001577a 4500003000800000005001700008008004100025020001500066040001900081082001700100110009500117245031600212260003900528300005900567650002200626BD-DhUL20180506111250.0180506s2006 nyua|||| |||| 00| 0 eng  a9211337410 aD-DhULcD-DhUL 222a341bUNL aUnited Nations. Division for Occan Affairs and the Law of the Sea. Office of Legal Affairs aThe law of the sea :b training manual for delineation of the outer limits of the continental shelf beyond 200 nautical miles and for preparation of submissions to the commission on the limits of the continental shelf /cUnited Nations. Division for Occan Affairs and the Law of the Sea. Office of Legal Affairs aNew York :bUnited Nations,c2006. axix, in various pagings :b ill. (some col.) ;c 28 cm 0aInternational law